000
00336nam a22001457a 4500
008
230926b ||||| |||| 00| 0 eng d
020
_a
0122241509
041
_a
eng
080
_a
316
082
_a
316DUN
100
_a
24
101
_a
SOCIOLO
245
_a
INTRODUCTION TO STRUCTURAL EQUATION MODELS
_c
DUNCAN.D.O
942
_2
udc
_c
BK
999
_c
60403
_d
60403